| 000 | 00489nam a2200181Ia 4500 | ||
|---|---|---|---|
| 005 | 20250616022514.0 | ||
| 008 | 240331s9999 xx 000 0 und d | ||
| 020 | _a9789551302368 | ||
| 082 |
_a304 _bSRI |
||
| 245 | 0 | _aSri lankawe Artika, Samajeeya ha Sanskuruthika Himikam Thathvaya | |
| 260 |
_aColombo _bLaw & Social trust ( LST) _c2011 |
||
| 300 | _a103 p ., | ||
| 650 | _aEconomic | ||
| 650 | _aSocial | ||
| 650 | _aCulture Rights | ||
| 700 |
_aSkandaKumar, B. _eedt |
||
| 942 | _cL | ||
| 999 |
_c5758 _d5758 |
||